00488nam a2200193 a 4500001001300000003000900013005001700022008004100039020000900080082001900089100001800108245003600126260003500162300000900197500003500206505001000241650002500251700001800276nice12345678IN_TiNIC20260116012700.0050524s1981 newa grp 000 0 eng  ac8500a909.04297bZAY aZaydan, Jurji aHistory of Islamic Civilization aNew DelhibKitab Bhavan c1981 a325p aincludes index and biblioraphy2 aIndex aCivilization-Islamic1 aZaydan, Jurji